Statistics for Movies By 1 Actor and 1 Actress Part 2

Click here to take the quiz!

General Stats

  • This quiz has been taken 28 times
  • The average score is 13 of 26

Answer Stats

CastMovie% Correct
Robert Downey Jr., Gwyneth PaltrowIron Man
96%
Chadwick Boseman, Danai GuriraBlack Panther
85%
Michael Keaton, Emma StoneBirdman
78%
Jennifer Lawrence, Donald SutherlandThe Hunger Games
78%
Paul Rudd, Evangeline LillyAnt-Man
74%
Edward Norton, Helena Bonham CarterFight Club
74%
Christoph Waltz, Melanie LaurentInglourious Basterds
67%
Russell Crowe, Jennifer ConnellyA Beautiful Mind
56%
Robert Englund, Heather LangenkampA Nightmare on Elm Street
56%
Tom Hardy, Charlize TheronMad Max: Fury Road
56%
Arnold Schwarzenegger, Jamie Lee CurtisTrue Lies
56%
Matt Damon, Minnie DriverGood Will Hunting
52%
Denzel Washington, Viola DavisFences
48%
Natalie Portman, Sebastian StanBlack Swan
44%
Will Smith, Linda FiorentinoMen in Black
44%
Ana de Armas, Daniel CraigKnives Out
41%
Harrison Ford, Daryl HannahBlade Runner
37%
Ethan Hawke, Uma ThurmanGattaca
37%
Danny Trejo, Michelle RodriguezMachete
33%
Antonio Banderas, Salma HayekDesperado
30%
Jeff Goldblum, Vivica A. FoxIndependence Day
30%
Hailee Steinfeld, Jeff BridgesTrue Grit
26%
Virginia Madsen, Tony TodsCandyman
19%
Tom Hiddleston, Brie LarsonKong: Skull Island
19%
Sigourney Weaver, Hugh JackmanChappie
15%
Robert De Niro, Anna PaquinThe Irishman
11%

Score Distribution

Percentile by Number Answered

Percent of People with Each Score

Your Score History

You have not taken this quiz